000 01182nam a22003377a 4500
003 CHAP
005 20220329140405.0
008 971013s1984 r 00010 d
010 _a51307
011 _a52279
035 _a56429
040 _cCHAP
090 _aTesis
100 0 0 _aTorres Zapata, José.
_9114276
245 _aPérdidas económicas por decomiso en la planta procesadora de aves HE-YO en el período comprendido de junio de 1982 a mayo de 1983
260 _aMéxico, D.F. :
_bEl autor,
_c1984
300 _a25 h.
502 _aTesis (Médico Veterinario Zootecnista) -- UNAM. Fac. de Medicina Veterinaria y Zootecnia
590 _aALEPH
_b10
_c20130110
_lUCH01
_h1327
590 _aBATCH-UPD
_b10
_c20130110
_lUCH01
_h0809
590 _aBATCH-UPD
_b10
_c20130410
_lUCH01
_h0446
590 _aBATCH-UPD
_b10
_c20130914
_lUCH01
_h0446
590 _aCONVERSION
_b10
_c20130109
_lUCH01
_h1328
650 1 4 _aAves de corral
_xEnfermedades.
_98646
650 1 4 _aAves de corral
_xMatanza.
_98658
650 1 4 _aAvicultura
_xAspectos económicos.
_98707
650 1 4 _aDecomisos.
_931482
901 _aBK
942 _cTESIS
949 _bBC
_cTES
_d-123259
_eTS1
_h17215
_i56429
_si
999 _c51307
_d51307